000 00467nam a2200193Ia 4500
001 25262
003 IN-NITTTR
005 20251114233321.0
008 251113s9999||||xx |||||||||||||| ||eng||
040 _beng
040 _cIN-NITTTR
041 _aeng
082 _a005.133 N227M
100 _aNavarro, Ann
245 0 _aMastering  XML /
_cNavarro, Ann, White, Chuck, Burman, Linda
700 _a Burman, Linda
700 _a White, Chuck
942 _2ddc
_cBK
999 _c27891
_d27891